Najbiedniejsze państwa nadmorskie - Statystyki

Ogólne statystyki
  • Ten quiz został rozwiązany 400 razy
  • Średni wynik to 6 z 10
Statystyki odpowiedzi
Lp. Ogólne miejsce na świecie PKB (USD na osobę) Państwo % Poprawnych
2. 3 925 Somalia
85%
8. 13 1821 Erytrea
69%
4. 8 1277 Mozambik
61%
9. 14 1927 Jemen
59%
10. 15 2199 Togo
55%
3. 6 1106 Demokratyczna Republika Konga
53%
5. 9 1557 Liberia
53%
7. 12 1725 Sierra Leone
48%
6. 10 1599 Madagaskar
47%
1. 8 (2020)* 533,4 Syria
42%
Nie znaleziono quizów pasujących do podanych kryteriów
Rozkład punktacji
Procent ludzi z każdym wynikiem
Percentyl według liczby udzielonych odpowiedzi
Twoja historia wyników
Nie rozwiązałeś tego quizu